Statistics for Portugal Euro Squad 2016

Click here to take the quiz!

General Stats

  • This quiz has been taken 267 times
  • The average score is 17 of 23

Answer Stats

Number Post Player Club % Correct
7STCristiano RonaldoReal Madrid
100%
3DFPepeReal Madrid
97%
1GKRui PatricioSporting CP
88%
9STEderSwansea City
86%
8MFJoao MoutinhoAS Monaco
85%
17STNaniFenerbahçe SK
85%
20STRicardo QuaresmaBesiktas
85%
14MFWilliam CarvalhoSporting CP
80%
6DFRicardo CarvalhoAS Monaco
80%
4DFJosé FontéSouthampton
79%
21DFCédric SoaresSouthampton
76%
12GKAnthony LopesOlympique Lyonnais
74%
23MFAdrien SilvaSporting CP
74%
2DFBruno AlvesFenerbahçe SK
73%
16MFRenato SanchesSL Benfica
72%
15MFAndré GomesValencia CF
65%
5DFRaphael GuerreiroFC Lorient
63%
13MFDanilo PereiraFC Porto
62%
10MFJoao MarioSporting CP
57%
11MFVieirinhaVfL Wolfsburg
52%
19DFEliseuSL Benfica
48%
22GKEduardoDinamo Zagreb
47%
18MFRafaSC Braga
47%

Score Distribution

Percentile by Number Answered

Percent of People with Each Score

Your Score History

You have not taken this quiz